Ecce figura
| Titel: | Ecce figura : Lektüren eines Konzepts in Konstellationen (100 v. Chr.-1946) |
|---|---|
| Beteiligt: | |
| Veröffentlicht: | Berlin/Boston : De Gruyter ; De Gruyter [Imprint], 2023 |
| Umfang: | 1 Online-Ressource (835 p.) |
| Format: | E-Book |
| Sprache: | Deutsch |
| Mehrbändiges Werk: |
MIMESIS ; 103 |
| RVK-Notation: | |
| ISBN: | 9783110985863 ; 9783110986242 ; 9783110997224 |
alg: 53085599 001A $06055:26-06-25 001B $01999:30-06-25 $t23:55:00.000 001D $06055:26-06-25 001U $0utf8 001X $00 002@ $0Oax 002C $aText $btxt $2rdacontent 002D $aComputermedien $bc $2rdamedia 002E $aOnline-Ressource $bcr $2rdacarrier 003@ $0530855992 004A $A978-3-11-098586-3 004A $A978-3-11-098624-2 004A $A978-3-11-099722-4 004R $020.500.12657/91076 007A $0530855992 $aHEB 007I $0oapen-20.500.12657/91076 009Q $S0 $uhttps://library.oapen.org/handle/20.500.12657/91076 $xR 010@ $ager 011@ $a2023 017B $aZDB-94-OAL 021A $aEcce figura $dLektüren eines Konzepts in Konstellationen (100 v. Chr.-1946) 028C $aGwozdz $BHerausgeber $dPatricia A. $4edt 033A $pBerlin/Boston $nDe Gruyter ; De Gruyter [Imprint] 033E $pThe Hague $nOapen Foundation 034D $a1 Online-Ressource (835 p.) 036E $aMIMESIS $l103 037J $aOpen Access $2star $uhttps://purl.org/coar/access_right/c_abf2 $fUnrestricted online access 044K $RFiktive Gestalt $#Characters and characteristics in literature $#Personnages littéraires $#Figur Literatur $#Gestalt Literatur $#Literarische Figur $#Literarische Person $#Figurendarstellung $74140220-0 $8Literarische Gestalt [Ts1] $9085536946 044K $RPraxis $#Theory (Philosophy) $#Théorie (philosophie) $#Theorie $#Theorie $74059787-8 $8Theorie [Tsz] $9085166316 045E $c230 $c100 $c800 045R $aGeschichte 100 v. Chr.-1946 045Z $8IB 1050 [Tkv] $9408794186 047A $aSacherschließung maschinell aus paralleler Ausg. übernommen 047I $aFigures emerge from movement. We live and think in figures. This monograph pursues the literary, theological, and philosophical traces of the concept in comparative constellations from antiquity to modernity and develops them into a method of literary-philosophical figuralogy. lok: 53085599 3 exp: 53085599 3 1 #EPN 201B/01 $027-06-25 $t22:10:44.014 201C/01 $027-06-25 201U/01 $0utf8 203@/01 $01307913792 208@/01 $a27-06-25 $bl 209S/01 $S0 $uhttps://library.oapen.org/handle/20.500.12657/91076 $XR lok: 53085599 5 exp: 53085599 5 1 #EPN 201B/01 $027-06-25 $t22:10:44.018 201C/01 $027-06-25 201U/01 $0utf8 203@/01 $01307913806 208@/01 $a27-06-25 $bl 209S/01 $S0 $uhttps://library.oapen.org/handle/20.500.12657/91076 $XR lok: 53085599 6 exp: 53085599 6 1 #EPN 201B/01 $030-06-25 $t23:55:00.441 201C/01 $030-06-25 201U/01 $0utf8 203@/01 $01310389241 208@/01 $a30-06-25 $bl 209S/01 $S0 $uhttps://library.oapen.org/handle/20.500.12657/91076 $XR lok: 53085599 8 exp: 53085599 8 1 #EPN 201B/01 $027-06-25 $t22:10:44.021 201C/01 $027-06-25 201U/01 $0utf8 203@/01 $01307913814 208@/01 $a27-06-25 $bl 209S/01 $S0 $uhttps://library.oapen.org/handle/20.500.12657/91076 $XR lok: 53085599 10 exp: 53085599 10 1 #EPN 201B/01 $027-06-25 $t22:10:44.023 201C/01 $027-06-25 201U/01 $0utf8 203@/01 $01307913822 208@/01 $a27-06-25 $bl 209S/01 $S0 $uhttps://library.oapen.org/handle/20.500.12657/91076 $XR lok: 53085599 11 exp: 53085599 11 1 #EPN 201B/01 $030-06-25 $t23:55:00.445 201C/01 $030-06-25 201U/01 $0utf8 203@/01 $0131038925X 208@/01 $a30-06-25 $bl 209S/01 $S0 $uhttps://library.oapen.org/handle/20.500.12657/91076 $XR lok: 53085599 13 exp: 53085599 13 1 #EPN 201B/01 $030-06-25 $t23:55:00.451 201C/01 $030-06-25 201U/01 $0utf8 203@/01 $01310389268 208@/01 $a30-06-25 $bl 209S/01 $S0 $uhttps://library.oapen.org/handle/20.500.12657/91076 $XR lok: 53085599 21 exp: 53085599 21 1 #EPN 201B/01 $027-06-25 $t22:10:44.026 201C/01 $027-06-25 201U/01 $0utf8 203@/01 $01307913830 208@/01 $a27-06-25 $bl 209S/01 $S0 $uhttps://library.oapen.org/handle/20.500.12657/91076 $XR lok: 53085599 23 exp: 53085599 23 1 #EPN 201B/01 $027-06-25 $t22:10:44.028 201C/01 $027-06-25 201U/01 $0utf8 203@/01 $01307913849 208@/01 $a27-06-25 $bl 209S/01 $S0 $uhttps://library.oapen.org/handle/20.500.12657/91076 $XR lok: 53085599 25 exp: 53085599 25 1 #EPN 201B/01 $027-06-25 $t22:10:44.031 201C/01 $027-06-25 201U/01 $0utf8 203@/01 $01307913857 208@/01 $a27-06-25 $bl 209S/01 $S0 $uhttps://library.oapen.org/handle/20.500.12657/91076 $XR lok: 53085599 36 exp: 53085599 36 1 #EPN 201B/01 $030-06-25 $t23:55:00.454 201C/01 $030-06-25 201U/01 $0utf8 203@/01 $01310389276 208@/01 $a30-06-25 $bl 209S/01 $S0 $uhttps://library.oapen.org/handle/20.500.12657/91076 $XR lok: 53085599 54 exp: 53085599 54 1 #EPN 201B/01 $030-06-25 $t23:55:00.459 201C/01 $030-06-25 201U/01 $0utf8 203@/01 $01310389284 208@/01 $a30-06-25 $bl 209S/01 $S0 $uhttps://library.oapen.org/handle/20.500.12657/91076 $XR lok: 53085599 69 exp: 53085599 69 1 #EPN 201B/01 $030-06-25 $t23:55:00.464 201C/01 $030-06-25 201U/01 $0utf8 203@/01 $01310389292 208@/01 $a30-06-25 $bl 209S/01 $S0 $uhttps://library.oapen.org/handle/20.500.12657/91076 $XR lok: 53085599 76 exp: 53085599 76 1 #EPN 201B/01 $030-06-25 $t23:55:00.469 201C/01 $030-06-25 201U/01 $0utf8 203@/01 $01310389306 208@/01 $a30-06-25 $bl 209S/01 $S0 $uhttps://library.oapen.org/handle/20.500.12657/91076 $XR lok: 53085599 107 exp: 53085599 107 1 #EPN 201B/01 $030-06-25 $t23:55:00.474 201C/01 $030-06-25 201U/01 $0utf8 203@/01 $01310389314 208@/01 $a30-06-25 $bl 209S/01 $S0 $uhttps://library.oapen.org/handle/20.500.12657/91076 $XR lok: 53085599 108 exp: 53085599 108 1 #EPN 201B/01 $030-06-25 $t23:55:00.478 201C/01 $030-06-25 201U/01 $0utf8 203@/01 $01310389322 208@/01 $a30-06-25 $bl 209S/01 $S0 $uhttps://library.oapen.org/handle/20.500.12657/91076 $XR lok: 53085599 204 exp: 53085599 204 1 #EPN 201B/01 $027-06-25 $t22:10:44.034 201C/01 $027-06-25 201U/01 $0utf8 203@/01 $01307913865 208@/01 $a27-06-25 $bl 209S/01 $S0 $uhttps://library.oapen.org/handle/20.500.12657/91076 $XR lok: 53085599 205 exp: 53085599 205 1 #EPN 201B/01 $027-06-25 $t22:10:44.036 201C/01 $027-06-25 201U/01 $0utf8 203@/01 $01307913873 208@/01 $a27-06-25 $bl 209S/01 $S0 $uhttps://library.oapen.org/handle/20.500.12657/91076 $XR
| LEADER | 00000cam a22000002c 4500 | ||
|---|---|---|---|
| 001 | 530855992 | ||
| 003 | DE-603 | ||
| 005 | 20250630235500.0 | ||
| 007 | cr|||||||||||| | ||
| 008 | 250626s2023 xx |||| o| u00||u|ger c | ||
| 020 | |a 9783110985863 | ||
| 020 | |a 9783110986242 | ||
| 020 | |a 9783110997224 | ||
| 024 | 7 | |a 20.500.12657/91076 |2 hdl | |
| 035 | |a (DE-599)HEB530855992 | ||
| 040 | |a DE-603 |b ger |c DE-603 |d DE-603 | ||
| 041 | |a ger | ||
| 084 | |a 230 |a 100 |a 800 |q DE-101 |2 sdnb | ||
| 084 | |a IB 1050 |0 (DE-625)54415: |0 (DE-603)408794186 |2 rvk | ||
| 245 | 0 | 0 | |a Ecce figura |b Lektüren eines Konzepts in Konstellationen (100 v. Chr.-1946) |
| 264 | 1 | |a Berlin/Boston |b De Gruyter ; De Gruyter [Imprint] |c 2023 | |
| 264 | 2 | |a The Hague |b Oapen Foundation | |
| 300 | |a 1 Online-Ressource (835 p.) | ||
| 336 | |a Text |b txt |2 rdacontent | ||
| 337 | |a Computermedien |b c |2 rdamedia | ||
| 338 | |a Online-Ressource |b cr |2 rdacarrier | ||
| 490 | 0 | |a MIMESIS |v 103 | |
| 520 | |a Figures emerge from movement. We live and think in figures. This monograph pursues the literary, theological, and philosophical traces of the concept in comparative constellations from antiquity to modernity and develops them into a method of literary-philosophical figuralogy. | ||
| 648 | 7 | |a Geschichte 100 v. Chr.-1946 |2 gnd | |
| 650 | 7 | |a Literarische Gestalt |0 (DE-588)4140220-0 |0 (DE-603)085536946 |2 gnd | |
| 650 | 7 | |a Theorie |0 (DE-588)4059787-8 |0 (DE-603)085166316 |2 gnd | |
| 700 | 1 | |a Gwozdz, Patricia A. |e Herausgeber |4 edt | |
| 856 | |u https://library.oapen.org/handle/20.500.12657/91076 |x Resolving-System |z kostenfrei | ||
| 912 | |a ZDB-94-OAL | ||
| 924 | 1 | |9 603 |a (DE-603)1307913792 |b DE-603 |c HES |d d | |
| 924 | 1 | |9 603 |a (DE-603)1307913806 |b DE-603 |c HES |d d | |
| 924 | 1 | |9 603 |a (DE-603)1310389241 |b DE-603 |c HES |d d | |
| 924 | 1 | |9 603 |a (DE-603)1307913814 |b DE-603 |c HES |d d | |
| 924 | 1 | |9 603 |a (DE-603)1307913822 |b DE-603 |c HES |d d | |
| 924 | 1 | |9 603 |a (DE-603)131038925X |b DE-603 |c HES |d d | |
| 924 | 1 | |9 603 |a (DE-603)1310389268 |b DE-603 |c HES |d d | |
| 924 | 1 | |9 603 |a (DE-603)1307913830 |b DE-603 |c HES |d d | |
| 924 | 1 | |9 603 |a (DE-603)1307913849 |b DE-603 |c HES |d d | |
| 924 | 1 | |9 603 |a (DE-603)1307913857 |b DE-603 |c HES |d d | |
| 924 | 1 | |9 603 |a (DE-603)1310389276 |b DE-603 |c HES |d d | |
| 924 | 1 | |9 603 |a (DE-603)1310389284 |b DE-603 |c HES |d d | |
| 924 | 1 | |9 603 |a (DE-603)1310389292 |b DE-603 |c HES |d d | |
| 924 | 1 | |9 603 |a (DE-603)1310389306 |b DE-603 |c HES |d d | |
| 924 | 1 | |9 603 |a (DE-603)1310389314 |b DE-603 |c HES |d d | |
| 924 | 1 | |9 603 |a (DE-603)1310389322 |b DE-603 |c HES |d d | |
| 924 | 1 | |9 603 |a (DE-603)1307913865 |b DE-603 |c HES |d d | |
| 924 | 1 | |9 603 |a (DE-603)1307913873 |b DE-603 |c HES |d d | |